00826nam a22002177a 450000500170000001000150001702000260003203500140005803700090007208200120008110000240009324500500011725000070016726000490017427001190022330000200034250000670036294200220042999900190045195201380047020260102124221.0 aENG-147389 a9789373592817c450.00 aEN-130921 bDBAD a913210 aKeshri, Anil986203 aGeography of India Through Maps/cAnil Keshri a10 aNew DelhibS Chand and Company Limitedc2026 a A-27, 2nd Floor, Mohan Co-operative Industrial EstatebNew Delhie110044minfo@schandpublishing.comk011-49731800 a332p.c26cm(pb) aUseful For General Studies (IAS/PCS) and Academic Examinations 2ddccENh913mKES c214003d214003 001040708NFICaBNbBNd2026-01-02eDBADg400.00l1o913 KESpEN-130921r2026-05-20 12:44:31s2026-05-06t1v400.00w2026-01-02yEN